Advanced Bible course: (Record no. 3820)

000 -LEADER
fixed length control field 00704nam a2200193 a 4500
001 - CONTROL NUMBER
control field :::00001555$&:&@@
003 - CONTROL NUMBER IDENTIFIER
control field OkBaRHE
005 - DATE AND TIME OF LATEST TRANSACTION
control field 20000607103244.0
008 - FIXED-LENGTH DATA ELEMENTS--GENERAL INFORMATION
fixed length control field s1970 j 000 0 eng u
040 ## - CATALOGING SOURCE
Transcribing agency
100 1# - MAIN ENTRY--PERSONAL NAME
Personal name Kenyon, Essek William, 1857-1948.
245 10 - TITLE STATEMENT
Title Advanced Bible course:
Remainder of title studies in the deeper life.
260 ## - PUBLICATION, DISTRIBUTION, ETC. (IMPRINT)
Place of publication, distribution, etc Lynnwood, WA., :
Name of publisher, distributor, etc Kenyon's Gospel Publishing House
Date of publication, distribution, etc c1970
300 ## - PHYSICAL DESCRIPTION
Extent 316 p. ;
Dimensions 21 cm.
650 ## - SUBJECT ADDED ENTRY--TOPICAL TERM
Topical term or geographic name as entry element Bible Study Outlines, Syllabi, etc.
942 ## - ADDED ENTRY ELEMENTS (KOHA)
Source of classification or shelving scheme
Koha item type Books
Copies
Damaged status Date acquired Copy number Permanent Location Price effective from Koha item type Withdrawn status Lost status Total Checkouts Not for loan Current Location Source of classification or shelving scheme Date checked out Date last seen Barcode Shelving location Full call number
 2010-04-142RHEMA Bible Training College2010-04-14Books       2010-04-1414911General StacksBS 600 .K4
 2010-04-141RHEMA Bible Training College2010-04-14Books  1 RHEMA Bible Training College 2015-12-072016-01-041555General StacksBS 600 .K4